| 000 | 00835nam a2200217Ii 4500 | ||
|---|---|---|---|
| 003 | JO-AjNU | ||
| 008 | 230605s9999||||xx |||||||||||||| ||und|| | ||
| 017 | _a2007/4/862 | ||
| 040 |
_aJO-AjNU _bara _erda _cJO-AjNU |
||
| 041 | _aara | ||
| 050 | 1 | 4 | _aLB1137.K44 2008 |
| 100 | 3 |
_aالخالدي، أحمد رشيد, _eauthor _950191 |
|
| 245 | 0 | 0 | _aأهمية اللعب في حياة الأطفال الطبيعيين وذوي الإحتياجات الخاصة=The Importance Of game In The Life's Normal Children & For Adoptive Needs |
| 250 | _aط1 | ||
| 264 | 3 | 1 | _aعمان:المعتز للنشر والتوزيع،2008 |
| 300 | _a260ص | ||
| 336 |
_atext _btxt _2rdacontent |
||
| 337 |
_aunmediated _bn _2rdamedia |
||
| 338 |
_avolume _bnc _2rdacarrier |
||
| 650 | 4 |
_aلعب الأطفال-اللعب ( علم نفس ). _950192 |
|
| 999 |
_aA22094 _c25662 _d25662 |
||